00634 2200229 4500001002100000005001500021035002000036245005600056100002800112250001400140300004600154700002900200264003500229336002100264337002000285338002200305082001100327084001700338020002200355600001400377990001300391INLIS00000000000207720240814110027 a0010-08240001711 aUntuk Dibaca Saat Kau Merasa Kering /cBillif Abduh0 aBillif AbduhePengarang aCetakan 1 axiv, 150 halaman :bIlustrasi ;c14x20 cm0 aZhivana A.U.ePenyunting aYogyakarta :bChecklist,c2020 2rdacontentaTeks 2rdamediaacetak 2rdacarrieraCetak a155.25 a155.25 BIL u a978-623-7661-29-0 4aPsikologi a24000178